| 000 | 00864nam a22002177a 4500 | ||
|---|---|---|---|
| 999 |
_c17838 _d17838 |
||
| 003 | AR-CdUCM | ||
| 008 | 190509b ||||| |||| 00| 0 spa d | ||
| 040 |
_aMUNICIPALIDAD PROVINCIAL DEL CUSCO _cBIBLIOTECA MUNICIPAL DEL CUSCO |
||
| 082 |
_23ed. _a100 / _bIN53 |
||
| 100 |
_aIngenieros, José _9579 |
||
| 245 | _aProposiciones relativas al porvenir de la filosofía / | ||
| 260 |
_aBuenos Aires : _bLosada, _c1960. |
||
| 300 |
_a118 páginas ; _c19 cm. |
||
| 440 |
_aBiblioteca Contemporánea. _927761 |
||
| 505 | _aContenido: La hipocresía de los filósofos -- La crisis filosófica del siglo XIX -- Hermenéutica y paleo-metafísica -- Perennidad de lo inexperiencial -- Los problemas de la metafísica ... | ||
| 650 |
_aFilosofía _9395 |
||
| 650 |
_aMetodología _92264 |
||
| 650 |
_aMetafísica _92817 |
||
| 942 |
_2ddc _cLIBROS |
||
| 945 |
_aachl _d2019-05-09 |
||